First settlers of Jefferson County, Texas : from the originals in the General Land Office and the Texas State Archives, Austin, Texas /

Bibliographic Details
Main Author: White, Gifford E.
Corporate Authors: Texas. General Land Office, Texas State Library. Archives Division
Format: Book
Language:English
Published: St. Louis, Mo. : Ingmire Publications ; [1984]
Subjects:

MARC

Tag First Indicator Second Indicator Subfields
LEADER 00000cam a2200000 a 4500
001 in00000552170
005 20190207094552.0
008 840925s1984 moub 00110 eng d
035 |a (OCoLC)11196219 
035 |9 ACJ5843AM 
040 |a IKM  |c IKM  |d TXA  |d UtOrBLW 
049 |a TXAS  |c 1,2 
090 |a F392.J33  |b W48 1984 
092 0 |a 976.4145  |b W583f  |2 19 
100 1 |a White, Gifford E. 
245 1 0 |a First settlers of Jefferson County, Texas :  |b from the originals in the General Land Office and the Texas State Archives, Austin, Texas /  |c by Gifford White. 
264 1 |a St. Louis, Mo. :  |b Ingmire Publications ;  |c [1984] 
264 2 |a Nacogdoches, Tex. :  |b Distributed by Ericson Books, 
264 4 |c ©1984 
300 |a ii, 48 leaves :  |b map ;  |c 28 cm. 
336 |a text  |b txt  |2 rdacontent 
337 |a unmediated  |b n  |2 rdamedia 
338 |a volume  |b nc  |2 rdacarrier 
500 |a The Cushing Library/Chapman Texas Collection copy is part of the Floyd & Louise Chapman Texas & Borderlands Collection.  |5 TXA 
500 |a Includes index. 
536 |a Second copy acquired through the generosity of the Clovis Brakebill endowment. 
650 0 |a Registers of births, etc.  |z Texas  |z Jefferson County. 
650 0 |a Land grants  |z Texas  |z Jefferson County. 
651 0 |a Jefferson County (Tex.)  |x Genealogy. 
710 1 |a Texas.  |b General Land Office. 
710 2 |a Texas State Library.  |b Archives Division. 
999 |a MARS 
999 f f |s 0702cff7-13de-3c72-a920-c7b76e601d44  |i 97d5ef36-d517-30ec-ad71-34f94c5b1508  |t 0 
952 f f |p noncirc  |a Texas A&M University  |b College Station  |c Cushing Memorial Library & Archives  |d Cushing: Chapman Texas Collection (Does not check out)  |t 0  |e F392.J33 W48 1984  |h Library of Congress classification  |i unmediated -- volume 
952 f f |p noncirc  |a Texas A&M University  |b College Station  |c Cushing Memorial Library & Archives  |d Cushing: Chapman Texas Collection (Does not check out)  |t 0  |e F392.J33 W48 1984  |h Library of Congress classification  |i unmediated -- volume  |m A14808295224 
998 f f |a F392.J33 W48 1984  |t 0  |l Cushing: Chapman Texas Collection (Does not check out) 
998 f f |a F392.J33 W48 1984  |t 0  |l Cushing: Chapman Texas Collection (Does not check out)